| 000 | 00562nam a22002177a 4500 | ||
|---|---|---|---|
| 005 | 20221215124405.0 | ||
| 008 | 221214b ||||| |||| 00| 0 eng d | ||
| 020 | _a9788195680757 | ||
| 040 | _cAL | ||
| 041 | _aEnglish | ||
| 082 |
_223 _a336 _bHANP |
||
| 100 |
_aV Basil Hans _966150 |
||
| 245 | _aPublic Finance | ||
| 260 |
_aMangaluru _bSt Aloysius Prakashana _c2022 |
||
| 300 |
_avii,184 p. _bPB _c21x13 cm. |
||
| 365 |
_c₹ _d₹200.00 |
||
| 650 |
_aII SEM BCOM _966060 |
||
| 650 |
_aNEP _966061 |
||
| 700 |
_aHANS (V Basil) _966062 |
||
| 942 |
_2ddc _cDB |
||
| 999 |
_c225753 _d225753 |
||